Klicke die europäische Hauptstadt auf der Karte - Statistiken

Allgemein
  • Dieses Quiz wurde 17.860 mal gespielt
  • Das Durchschnittsergebnis liegt bei 17 aus 45
Antworten auf der Karte
Die Antworten werden auf der Karte rot bzw. grün angezeigt, abhängig davon wie oft sie richtig erraten wurden.
 
Antwortstatistiken
Antwort % Korrekt
Amsterdam
48%
Brüssel
48%
Luxemburg
48%
Bern
47%
Prag
46%
Andorra la Vella
45%
Dublin
45%
Madrid
45%
Wien
45%
London
44%
Monaco
43%
Rom
43%
San Marino
43%
Vatikanstadt
43%
Zagreb
43%
Berlin
42%
Budapest
42%
Minsk
42%
Lissabon
41%
Paris
40%
Tirana
39%
Athen
38%
Ljubljana
38%
Vaduz
38%
Sarajevo
37%
Valletta
37%
Warschau
37%
Riga
36%
Tallinn
36%
Belgrad
35%
Bratislava
34%
Oslo
34%
Priština
34%
Skopje
34%
Chișinău
33%
Kopenhagen
33%
Podgorica
32%
Vilnius
32%
Kiew
30%
Helsinki
28%
Sofia
28%
Bukarest
26%
Stockholm
26%
Moskau
25%
Reykjavík
25%
Keine übereinstimmenden Quizze gefunden
Verteilung der Resultate
Anzahl Personen mit jedem Resultat
Perzentil nach korrekt beantworteten Fragen
Ihre Resultats-Entwicklung
Sie haben dieses Quiz noch nicht gespielt